00757nam a22001697a 4500003000900000008004100009040007100050082002000121110006600141245005900207260007400266300004300340440002400383505012400407650003000531650002600561AR-CdUCM190430b           ||||| |||| 00| 0 spa d  aMUNICIPALIDAD PROVINCIAL DEL CUSCOcBIBLIOTECA MUNICIPAL DEL CUSCO  aEP / 398 /bP26  aMinisterio de educación, unidad de servicios educativos 05.  aRed educativa n° 2 :bUSE 05 San Juan de Lurigancho /  aPeru :bMinisterio de educación, unidad de servicios educativos 05,  a31 páginas ;c29 cm.bIlustraciones.  aPara leer, gozando.  aContenido :Mi familia -- El sueño con mi señorita -- El hombre peruano -- Mi pueblo -- El niño y sus juguetes ...  aDerecho a la educación.  aEducación primaria.